Southville International School and Colleges
Your cart is empty.
  • Cart
  • Lists
    Public lists Eva Luna New books Lux_list list_1
    Your lists Log in to create your own lists
  • Log in to your account
  • Your cookies
  • Search history
Southville International School and Colleges
  • Advanced search
  • Recent comments
  • Most popular
  • Libraries

Log in to your account

Log in with GOOGLE


If you do not have an external account, but do have a local account, you can still log in:

  1. Home
  2. MARC view: Chemistry :
Normal view MARC view ISBD view

Chemistry : (Record no. 8909)

[ view plain ]
MARC details
000 -LEADER
fixed length control field 00658nam a22002537a 4500
003 - CONTROL NUMBER IDENTIFIER
control field SISC
005 - DATE AND TIME OF LATEST TRANSACTION
control field 20160223083019.0
008 - FIXED-LENGTH DATA ELEMENTS--GENERAL INFORMATION
fixed length control field 130605t xxu||||| |||| 00| 0 eng d
020 ## - INTERNATIONAL STANDARD BOOK NUMBER
International Standard Book Number 9812470301
050 ## - LIBRARY OF CONGRESS CALL NUMBER
Classification number QD 31.3
Item number .W665 2003
082 ## - DEWEY DECIMAL CLASSIFICATION NUMBER
Classification number HS 500
Item number . W63 2000
100 ## - MAIN ENTRY--PERSONAL NAME
Personal name Wilbraham, Antony C.
9 (RLIN) 11809
245 ## - TITLE STATEMENT
Title Chemistry :
Remainder of title Addison - Wesley /
Statement of responsibility, etc Wilbraham, Antony C.
250 ## - EDITION STATEMENT
Edition statement 5th ed.
260 ## - PUBLICATION, DISTRIBUTION, ETC. (IMPRINT)
Place of publication, distribution, etc Singapore :
Name of publisher, distributor, etc Pearson Prentice Hall,
Date of publication, distribution, etc 2003
300 ## - PHYSICAL DESCRIPTION
Extent 881 p. :
Other physical details ill. ;
Dimensions 26 cm.
650 ## - SUBJECT ADDED ENTRY--TOPICAL TERM
Topical term or geographic name as entry element Chemistry
9 (RLIN) 11783
942 ## - ADDED ENTRY ELEMENTS (KOHA)
Source of classification or shelving scheme Library of Congress Classification
Koha item type Books
Holdings
Withdrawn status Lost status Source of classification or shelving scheme Damaged status Home library Current library Shelving location Date acquired Total Checkouts Full call number Barcode Date last seen Copy number Price effective from Koha item type Date checked out
    Library of Congress Classification   Luxembourg Library Luxembourg Library High School Section 08/17/2013   QD 31.3 .W665 2003 14888 08/17/2013 2 08/17/2013 Books  
    Library of Congress Classification   Luxembourg Library Luxembourg Library High School Section 08/17/2013   QD 31.3 .W665 2003 14942 08/17/2013 3 08/17/2013 Books  
    Library of Congress Classification   Luxembourg Library Luxembourg Library High School Section 08/17/2013 2 QD 31.3 .W665 2003 7893 11/04/2019 4 08/17/2013 Books 10/22/2019
    Library of Congress Classification   Luxembourg Library Luxembourg Library High School Section 08/17/2013   QD 31.3 .W665 2003 16638 08/17/2013 5 10/03/2013 Books  
    Library of Congress Classification   Luxembourg Library Luxembourg Library High School Section 08/17/2013   QD 31.3 .W665 2003 5129 08/10/2015 6 08/17/2013 Books  

Chemistry :

APA

Wilbraham A. C., . (2003). Chemistry. Singapore: Pearson Prentice Hall.

Chicago

Wilbraham Antony C, . 2003. Chemistry. Singapore: Pearson Prentice Hall.

Harvard

Wilbraham A. C., . (2003). Chemistry. Singapore: Pearson Prentice Hall.

MLA

Wilbraham Antony C, . Chemistry. Singapore: Pearson Prentice Hall. 2003.

  • Place hold
  • Print
  • Cite
  • Add to your cart (remove)
  • Save record
    BIBTEX Dublin Core MARCXML MARC (non-Unicode/MARC-8) MARC (Unicode/UTF-8) MARC (Unicode/UTF-8, Standard) MODS (XML) RIS
  • More searches
    Search for this title in:
    Other Libraries (WorldCat) Other Databases (Google Scholar) Online Stores (Bookfinder.com) Open Library (openlibrary.org)

Exporting to Dublin Core...

SOUTHVILLE LIBRARY

Southville International School and Colleges Library

1281 Tropical Ave. Cor. Luxembourg St., BF Homes International, Las Pinas City

Tel. No. 8256374 / 252358 Loc. 117/146

Powered by Koha